000 00446nam a2200169 a 4500
005 20260322212030.0
008 data
010 _a59-14209
096 _aWM 11 Sch27h 1960
100 1 _aSchneck, Jerome Mortimer,
_d1920-
245 1 2 _aA history of psychiatry/
_cJerome Mortimer Schneck.
260 _aSpringfield, Ill.
_bThomas
_cc1960
300 _aix, 196 p. ports.
500 _aIncludes bibliography
650 0 2 _aPsychiatry
_xhistory
001 data
999 _c694
_d694